[Inovačný proces a reinžiniering v Slovenskej republike]

Recenzia na monografiu zameranú na inovácie a reinžiniering podnikových procesov. Kniha je členená do 6 kapitol, ktoré na seba logicky nadväzujú.

Gespeichert in:
Bibliographische Detailangaben
1. Verfasser: Thomasová, Elena
Format: Buchkapitel
Sprache:Slowakisch
Schlagworte:
Tags: Tag hinzufügen
Keine Tags, Fügen Sie das erste Tag hinzu!

MARC

LEADER 00000naa$a2200000$$$4500
001 0084181
005 20240502071940.6
041 0 |a slo 
044 |a SK 
245 1 0 |a [Inovačný proces a reinžiniering v Slovenskej republike]  |c Elena Thomasová 
520 |a Recenzia na monografiu zameranú na inovácie a reinžiniering podnikových procesov. Kniha je členená do 6 kapitol, ktoré na seba logicky nadväzujú. 
610 2 0 |a stratégia inovačná 
610 2 0 |a recenzie 
610 2 0 |a reengineering 
610 2 0 |a procesy podnikové 
610 2 0 |a konkurencieschopnosť 
610 2 0 |a podnik 
100 1 |a Thomasová, Elena